000 00218 a2200097 4500
020 _a9780822577928
041 _aspa
100 _aKessel, Joyce K.
245 _aSquanto y el Primer Dia de Accion de Gracias
942 _cBK
999 _c14240
_d14240